[Event "Mittelfränkischer Schachkongress 2016"]
[Site "Nürnberg"]
[Date "2016.03.24"]
[Round "3.3"]
[White "Kotitschke, Karlheinz"]
[Black "Babichev, Vyacheslav"]
[Result "1-0"]
[WhiteElo "1802"]
[BlackElo "1818"]
[PlyCount "35"]
[EventDate "2016.??.??"]
[WhiteTeam "SK Rothenburg"]
[BlackTeam "SW Nürnberg Süd"]

1. d4 e6 2. Nf3 Nf6 3. Bg5 h6 4. Bxf6 Qxf6 5. e4 Bb4+ 6. c3 Ba5 7. Bd3 O-O 8.
O-O d6 9. Nbd2 c6 10. e5 dxe5 11. Nxe5 Nd7 12. f4 Qd8 13. Qf3 Nxe5 14. fxe5 Bc7
15. Qe4 g6 16. Rf6 Qd5 17. Rxg6+ Kh7 18. Rg7+ 1-0

[Event "Mittelfränkischer Schachkongress 2016"]
[Site "Nürnberg"]
[Date "2016.03.24"]
[Round "3.4"]
[White "Birkmann, Günther"]
[Black "Diller, Peter"]
[Result "1-0"]
[WhiteElo "2010"]
[BlackElo "1999"]
[PlyCount "47"]
[EventDate "2016.??.??"]
[WhiteTeam "SK Zirndorf"]
[BlackTeam "SK Rothenburg"]

1. Nf3 e6 2. c4 d5 3. d4 Nf6 4. Bf4 Be7 5. h3 c6 6. e3 Nbd7 7. Nc3 Nh5 8. Bh2
f5 9. Bd3 Nhf6 10. cxd5 Nxd5 11. O-O O-O 12. Rc1 N7f6 13. Ne5 Bd7 14. Qe2 Rc8
15. e4 Nb4 16. Bb1 c5 17. dxc5 Bxc5 18. exf5 exf5 19. Rfd1 g6 20. a3 Na6 21.
Nxd7 Nxd7 22. Qe6+ Rf7 23. Ba2 Qf6 24. Qxf7+ 1-0

[Event "Mittelfränkischer Schachkongress 2016"]
[Site "Nürnberg"]
[Date "2016.03.24"]
[Round "3.5"]
[White "Pechan, Willi"]
[Black "Burger, Thomas"]
[Result "1-0"]
[WhiteElo "1737"]
[BlackElo "1814"]
[PlyCount "55"]
[EventDate "2016.??.??"]
[WhiteTeam "SK Schwabach"]
[BlackTeam "Wolframs-Eschenbach"]

1. e4 c6 2. d4 d5 3. exd5 cxd5 4. Nf3 Nf6 5. Bd3 Nc6 6. c3 Bg4 7. h3 Bxf3 8.
Qxf3 e6 9. Bg5 Be7 10. O-O O-O 11. Re1 h6 12. Bf4 Bd6 13. Nd2 Bxf4 14. Qxf4 Qb8
15. Qe3 Qd6 16. Nf3 Rac8 17. g4 h5 18. Qg5 hxg4 19. hxg4 Ne4 20. Bxe4 dxe4 21.
Rxe4 Qe7 22. Qh5 g6 23. Qh6 Qf6 24. g5 Qg7 25. Qh3 Ne7 26. Ne5 Rcd8 27. Ng4 Nd5
28. Nh6+ 1-0

[Event "Mittelfränkischer Schachkongress 2016"]
[Site "Nürnberg"]
[Date "2016.03.24"]
[Round "3.6"]
[White "Grasser, Stefan"]
[Black "Süß, Helmut"]
[Result "0-1"]
[WhiteElo "1767"]
[BlackElo "1944"]
[PlyCount "66"]
[EventDate "2016.??.??"]
[WhiteTeam "Zabo-Eintracht Nürnberg"]
[BlackTeam "SC Noris-Tarrasch Nürnberg"]

1. c4 Nf6 2. Nc3 c5 3. e4 Nc6 4. d3 d6 5. g3 g6 6. Bg2 Bg7 7. Nge2 O-O 8. O-O
a6 9. Rb1 Rb8 10. Be3 b5 11. b3 bxc4 12. bxc4 Bd7 13. h3 Rxb1 14. Qxb1 Qa5 15.
Nd5 Nxd5 16. cxd5 Nb4 17. Nc1 Qa3 18. Qb3 Qxb3 19. axb3 Rb8 20. f4 Nc2 21. Bf2
Nd4 22. Re1 Nxb3 23. Nxb3 Rxb3 24. Bf1 Bb5 25. e5 Bxd3 26. Re3 c4 27. Bxd3 Rxd3
28. Rxd3 cxd3 29. exd6 exd6 30. Kf1 Bc3 31. Be3 a5 32. Bb6 a4 33. Bc7 a3 0-1

[Event "Mittelfränkischer Schachkongress 2016"]
[Site "Nürnberg"]
[Date "2016.03.24"]
[Round "3.7"]
[White "Faralisz, Patrick"]
[Black "Müller, Ludwig"]
[Result "1-0"]
[WhiteElo "1675"]
[BlackElo "1843"]
[PlyCount "69"]
[EventDate "2016.??.??"]
[WhiteTeam "SC Noris-Tarrasch Nürnberg"]
[BlackTeam "SGem Nürnberg"]

1. e4 b6 2. d4 Bb7 3. Bd3 e6 4. Nd2 g6 5. Ngf3 Bg7 6. c3 Ne7 7. O-O O-O 8. Qe2
d6 9. Re1 Nd7 10. Nb3 h6 11. h4 e5 12. h5 gxh5 13. Nh4 Nf6 14. Nd2 Bc8 15. dxe5
dxe5 16. Nc4 Nc6 17. Ne3 Ne7 18. g3 Bg4 19. f3 Be6 20. Nc4 Nc6 21. Be3 Qe7 22.
Rad1 Rad8 23. b3 Kh8 24. Bc1 Rg8 25. Kh2 Bxc4 26. Bxc4 Rxd1 27. Rxd1 Rd8 28.
Nf5 Qf8 29. Rxd8 Nxd8 30. Qd2 Kh7 31. Nxg7 Qxg7 32. Qxd8 h4 33. g4 Nxg4+ 34.
fxg4 Qxg4 35. Qd3 1-0

[Event "Mittelfränkischer Schachkongress 2016"]
[Site "Nürnberg"]
[Date "2016.03.24"]
[Round "3.8"]
[White "Meyer, Robert"]
[Black "Petrashov, Alexander"]
[Result "0-1"]
[WhiteElo "1611"]
[BlackElo "1727"]
[PlyCount "62"]
[EventDate "2016.??.??"]
[WhiteTeam "SC Stein"]
[BlackTeam "SC Noris-Tarrasch Nürnberg"]

1. d4 e6 2. Nf3 Nf6 3. g3 d5 4. Bg2 Bd6 5. O-O Nbd7 6. Nbd2 O-O 7. Re1 c5 8. c3
Qc7 9. e4 dxe4 10. Nxe4 Nxe4 11. Rxe4 Nf6 12. Re2 Bd7 13. dxc5 Bxc5 14. Bf4 Qb6
15. b4 Be7 16. Be3 Qc7 17. Rc1 Bb5 18. Rec2 Ba4 19. Qe2 Bxc2 20. Rxc2 Nd5 21.
Bd4 Bf6 22. Ne5 Rac8 23. Bxd5 exd5 24. f4 Bxe5 25. Bxe5 Qc4 26. Qg4 f6 27. Bd4
Rce8 28. h4 Re1+ 29. Kh2 Rfe8 30. Kh3 Rh1+ 31. Rh2 Qf1# 0-1

[Event "Mittelfränkischer Schachkongress 2016"]
[Site "Nürnberg"]
[Date "2016.03.24"]
[Round "3.9"]
[White "Llugiq, Bajram"]
[Black "Dreiseitel, Werner"]
[Result "1-0"]
[WhiteElo "1668"]
[BlackElo "1583"]
[PlyCount "75"]
[EventDate "2016.??.??"]
[WhiteTeam "SW Nürnberg Süd"]
[BlackTeam "SGem Fürth"]

1. d4 d5 2. Nf3 c6 3. c4 e6 4. cxd5 exd5 5. Nc3 Bf5 6. Bf4 Nf6 7. Qb3 Qb6 8.
Rc1 Nbd7 9. Nh4 Qxb3 10. axb3 Be6 11. Nf3 Bb4 12. Bd2 O-O 13. e3 Bf5 14. Nh4
Bg4 15. h3 Be6 16. Bd3 Rfe8 17. O-O h6 18. f4 Nf8 19. Nf3 Rad8 20. Rfe1 a6 21.
g4 g6 22. Kg2 Bc8 23. Rg1 Bd6 24. Kf2 Ne4+ 25. Bxe4 dxe4 26. Ne1 f5 27. Na4 Be7
28. Nb6 Be6 29. b4 Bh4+ 30. Kf1 Be7 31. Nc2 Kf7 32. Na3 Nd7 33. Nbc4 Kf6 34.
Bc3 Kf7 35. Ke2 Bxc4+ 36. Nxc4 Nf6 37. Ne5+ Ke6 38. Nxg6 1-0

[Event "Mittelfränkischer Schachkongress 2016"]
[Site "Nürnberg"]
[Date "2016.03.24"]
[Round "3.10"]
[White "Meyer, Martin"]
[Black "Weißmann, Peter"]
[Result "0-1"]
[WhiteElo "799"]
[BlackElo "1801"]
[PlyCount "29"]
[EventDate "2016.??.??"]
[WhiteTeam "SC Stein"]
[BlackTeam "SK Zirndorf"]

1. d4 Nf6 2. Nf3 e6 3. e3 b6 4. Be2 Bb7 5. O-O d5 6. Nc3 a6 7. Bd3 Nbd7 8. Qe1
c5 9. e4 c4 10. Be2 Bb4 11. Ne5 Nxe4 12. Nxd7 Qxd7 13. a3 Bxc3 14. bxc3 b5 15.
Be3 {weiterer Partieverlauf unklar!} 0-1

[Event "Mittelfränkischer Schachkongress 2016"]
[Site "Nürnberg"]
[Date "2016.03.24"]
[Round "3.11"]
[White "Hauck, Martin"]
[Black "Homfeldt, Claudia Laura"]
[Result "1/2-1/2"]
[WhiteElo "1087"]
[BlackElo "1549"]
[PlyCount "117"]
[EventDate "2016.??.??"]
[WhiteTeam "SC Noris-Tarrasch Nürnberg"]
[BlackTeam "SC Noris-Tarrasch Nürnberg"]

1. e4 c5 2. Nf3 Nc6 3. Be2 e6 4. c4 Qc7 5. Nc3 a6 6. d4 cxd4 7. Nxd4 Be7 8. O-O
Nf6 9. f4 Bc5 10. Be3 b6 11. Qd2 Bb7 12. Nc2 h6 13. Bxc5 bxc5 14. Qe3 Nb4 15.
Nxb4 cxb4 16. e5 bxc3 17. exf6 cxb2 18. Rab1 gxf6 19. Rxb2 Rg8 20. Bf3 Bxf3 21.
Qxf3 Qc6 22. Qxc6 dxc6 23. Rb7 Kf8 24. Rf3 Rd8 25. h3 Rg6 26. Rc7 Rd1+ 27. Rf1
Rd3 28. Rxc6 Rxh3 29. f5 exf5 30. Rxf5 Rhg3 31. Rf2 f5 32. Rxg6 fxg6 33. Kh2
Rc3 34. Rf4 Kf7 35. g4 Ke6 36. gxf5+ gxf5 37. Rh4 Ke5 38. Rxh6 Rc2+ 39. Kg3 f4+
40. Kf3 Rc3+ 41. Ke2 Rxc4 42. Rxa6 Ke4 43. Re6+ Kf5 44. Re8 Rc2+ 45. Kf3 Rxa2
46. Rf8+ Kg5 47. Rg8+ Kf5 48. Rf8+ Kg5 49. Rg8+ Kf6 50. Kxf4 Ra4+ 51. Ke3 Kf7
52. Rd8 Ke6 53. Rd4 Ra3+ 54. Rd3 Ra5 55. Ke4 Re5+ 56. Kd4 Ra5 57. Re3+ Kd6 58.
Re4 Ra6 59. Ke3 1/2-1/2

[Event "Mittelfränkischer Schachkongress 2016"]
[Site "Nürnberg"]
[Date "2016.03.24"]
[Round "3.12"]
[White "Nam, Siwon"]
[Black "Münzenberg, Dietrich"]
[Result "0-1"]
[WhiteElo "964"]
[BlackElo "1692"]
[PlyCount "107"]
[EventDate "2016.??.??"]
[WhiteTeam "SC Noris-Tarrasch Nürnberg"]
[BlackTeam "Zabo-Eintracht Nürnberg"]

1. e4 c6 2. Nc3 d5 3. Nf3 dxe4 4. Nxe4 Nd7 5. d4 Ndf6 6. Nc3 Bg4 7. h3 Bh5 8.
Bf4 e6 9. Bd3 Qb6 10. Be2 Qxb2 11. Na4 Bb4+ 12. Kf1 Qa3 13. c4 Ba5 14. c5 Ne4
15. Bc1 Qb4 16. a3 Nc3 17. Nxc3 Qxc3 18. Bd2 Qb2 19. Bxa5 Bxf3 20. Bxf3 Qb5+
21. Be2 Qxa5 22. d5 cxd5 23. Qd4 Nf6 24. h4 O-O 25. Rh3 Rac8 26. Rc1 Rfe8 27.
Rf3 e5 28. Qc3 Qxc3 29. Rfxc3 d4 30. Rc4 Red8 31. Rd1 Rc7 32. g4 Ne4 33. Bf3
Nxc5 34. Re1 f6 35. g5 b6 36. a4 Re7 37. gxf6 gxf6 38. h5 Kg7 39. Bg4 Kh6 40.
Kg2 Kg5 41. Kg3 f5 42. Bh3 f4+ 43. Kf3 e4+ 44. Kg2 f3+ 45. Kg3 Kxh5 46. a5 Rg7+
47. Kh2 Re7 48. Kg3 Rg8+ 49. Kh2 d3 50. Rd4 Rge8 51. Rd5+ Re5 52. Rxe5+ Rxe5
53. axb6 axb6 54. Kg3 0-1

[Event "Mittelfränkischer Schachkongress 2016"]
[Site "Nürnberg"]
[Date "2016.03.24"]
[Round "3.13"]
[White "Friedrich, Michael"]
[Black "Chowdhury, Sandip"]
[Result "1/2-1/2"]
[WhiteElo "1515"]
[BlackElo "1593"]
[PlyCount "130"]
[EventDate "2016.??.??"]
[WhiteTeam "SC Erlangen"]
[BlackTeam "SC Noris-Tarrasch Nürnberg"]

1. e4 c5 2. Nf3 g6 3. c3 Bg7 4. Be2 Nc6 5. d3 Nf6 6. Be3 d6 7. Na3 a6 8. d4
cxd4 9. Nxd4 Nxe4 10. Nxc6 bxc6 11. Qa4 Nf6 12. Qxc6+ Bd7 13. Qb7 Qc8 14. Qxc8+
Bxc8 15. Bf3 Rb8 16. Nc4 Bb7 17. Bxb7 Rxb7 18. O-O Ng4 19. Bd4 Bxd4 20. cxd4
Kd7 21. b3 Rc8 22. Rac1 d5 23. Ne3 Nxe3 24. fxe3 Rbc7 25. Rxc7+ Rxc7 26. Rxf7
Rc1+ 27. Rf1 Rc2 28. Rf2 Rc1+ 29. Rf1 Rc2 30. Ra1 Re2 31. Kf1 Rxe3 32. Rd1 Rc3
33. Ke2 Kd6 34. Kd2 Rc8 35. Rf1 Ke6 36. Kd3 a5 37. a3 Rb8 38. Rb1 Rf8 39. b4
axb4 40. axb4 Kd6 41. Rb2 Kc6 42. b5+ Kb6 43. Ke3 Ra8 44. Kf4 Re8 45. Ke5 e6
46. h4 h6 47. g3 g5 48. hxg5 hxg5 49. Rb3 g4 50. Kf6 Rf8+ 51. Kxe6 Rf3 52. Rb1
Rxg3 53. Kxd5 Rd3 54. Rc1 Kxb5 55. Rb1+ Ka6 56. Rb8 Rd1 57. Rg8 Rg1 58. Kd6 g3
59. d5 g2 60. Kd7 Kb7 61. d6 Ka7 62. Rg3 Kb7 63. Rb3+ Ka6 64. Rg3 Kb7 65. Kd8
Rd1 1/2-1/2

[Event "Mittelfränkischer Schachkongress 2016"]
[Site "Nürnberg"]
[Date "2016.03.24"]
[Round "3.14"]
[White "Dreiseitel, Ursula"]
[Black "Homfeldt, Maren"]
[Result "1-0"]
[WhiteElo "1487"]
[BlackElo "1306"]
[PlyCount "129"]
[EventDate "2016.??.??"]
[WhiteTeam "SGem Fürth"]
[BlackTeam "SC Noris-Tarrasch Nürnberg"]

1. d4 d6 2. c4 b6 3. Nc3 a6 4. Nf3 h6 5. e4 Bb7 6. d5 Nd7 7. Bd3 e5 8. dxe6
fxe6 9. O-O e5 10. Nd5 c6 11. Ne3 Nc5 12. Bc2 g6 13. g3 Bg7 14. Nh4 Qf6 15. Ng4
Qe6 16. b4 Nd7 17. Bd3 Ngf6 18. Nxf6+ Qxf6 19. Qg4 Nf8 20. Be3 c5 21. bxc5 bxc5
22. Rab1 Bc8 23. Qf3 Qxf3 24. Nxf3 g5 25. Rb6 Ke7 26. Rfb1 Ra7 27. Bc2 Ne6 28.
Ba4 Nd8 29. Rd1 Nb7 30. Bc6 Rd8 31. Nxg5 hxg5 32. Bxg5+ Bf6 33. Bxf6+ Kxf6 34.
Bxb7 Bxb7 35. Rbxd6+ Rxd6 36. Rxd6+ Ke7 37. Rg6 Kf7 38. Rg4 Bc8 39. Rh4 Kg6 40.
Rh8 Be6 41. Re8 Bxc4 42. Rxe5 Rc7 43. a3 Kf6 44. f4 Re7 45. Rxe7 Kxe7 46. Kf2
Ke6 47. Ke3 Bf1 48. h4 Bh3 49. Kf3 c4 50. Ke3 Bg4 51. Kd4 c3 52. Kxc3 Kd6 53.
Kd4 a5 54. f5 Ke7 55. Ke5 a4 56. Kf4 Bh5 57. g4 Bf7 58. e5 Be8 59. g5 Bf7 60.
g6 Bg8 61. Kg5 Kf8 62. h5 Kg7 63. e6 Kf8 64. h6 Bxe6 65. fxe6 1-0

[Event "Mittelfränkischer Schachkongress 2016"]
[Site "Nürnberg"]
[Date "2016.03.24"]
[Round "4.1"]
[White "Konsek, Peter"]
[Black "Kotitschke, Karlheinz"]
[Result "1/2-1/2"]
[WhiteElo "2085"]
[BlackElo "1802"]
[PlyCount "70"]
[EventDate "2016.??.??"]
[WhiteTeam "SW Nürnberg Süd"]
[BlackTeam "SK Rothenburg"]

1. e4 e6 2. d4 d5 3. Nc3 dxe4 4. Nxe4 Bd7 5. Nf3 Bc6 6. Bd3 Nd7 7. c3 Be7 8.
O-O Ngf6 9. Nxf6+ Bxf6 10. Re1 Bxf3 11. Qxf3 c6 12. Bf4 O-O 13. Qe4 g6 14. Rad1
Re8 15. Bc2 Qe7 16. Qf3 Nb6 17. b3 Rac8 18. c4 Bg5 19. Be5 Nd7 20. Bg3 Bh4 21.
Bxh4 Qxh4 22. Re4 Qe7 23. g3 Qf6 24. Qe2 Qd8 25. h4 Nf6 26. Re5 h5 27. Qf3 Kg7
28. Qc3 Ng4 29. Ree1 Qf6 30. Qd2 Red8 31. Be4 Rc7 32. f3 Nh6 33. Re3 Rcd7 34.
Rd3 Nf5 35. Bxf5 gxf5 1/2-1/2

[Event "Mittelfränkischer Schachkongress 2016"]
[Site "Nürnberg"]
[Date "2016.03.24"]
[Round "4.2"]
[White "Birkmann, Günther"]
[Black "Diebel, Günter"]
[Result "1-0"]
[WhiteElo "2010"]
[BlackElo "1819"]
[PlyCount "57"]
[EventDate "2016.??.??"]
[WhiteTeam "SK Zirndorf"]
[BlackTeam "SW Nürnberg Süd"]

1. Nf3 Nc6 2. d4 d5 3. Bf4 Nf6 4. e3 e6 5. c4 Bd6 6. Bxd6 Qxd6 7. Nc3 dxc4 8.
Bxc4 a6 9. O-O b5 10. Bd3 Bb7 11. Rc1 Nb4 12. Bxb5+ c6 13. Be2 Nbd5 14. Na4 Nd7
15. Nc5 Nxc5 16. Rxc5 f6 17. Qb3 Rb8 18. Rfc1 O-O 19. Qc2 Rfc8 20. a3 g5 21.
Nd2 Rc7 22. b4 Rbc8 23. Nc4 Qe7 24. Na5 Ra8 25. g3 e5 26. Rxd5 exd4 27. Rxd4
Rac8 28. Nxb7 Rxb7 29. Bxa6 1-0

[Event "Mittelfränkischer Schachkongress 2016"]
[Site "Nürnberg"]
[Date "2016.03.24"]
[Round "4.3"]
[White "Wawor, Gerhard"]
[Black "Llugiq, Bajram"]
[Result "1-0"]
[WhiteElo "1940"]
[BlackElo "1668"]
[PlyCount "91"]
[EventDate "2016.??.??"]
[WhiteTeam "SK Nürnberg"]
[BlackTeam "SW Nürnberg Süd"]

1. d4 Nf6 2. c4 g6 3. f3 Bg7 4. e4 d6 5. Be3 O-O 6. Nc3 Nbd7 7. Nge2 e5 8. d5
Nb6 9. Nc1 Bd7 10. b4 Nc8 11. Nb3 b6 12. c5 bxc5 13. bxc5 dxc5 14. Nxc5 Nd6 15.
Ba6 Bc8 16. Qe2 Nd7 17. O-O Nb6 18. Bd3 Kh8 19. a4 Nd7 20. Na6 Bxa6 21. Bxa6
Nb8 22. Bd3 c6 23. Rfc1 f5 24. Rab1 Qd7 25. a5 Rc8 26. a6 Bf8 27. Bc5 Qf7 28.
exf5 Nd7 29. fxg6 hxg6 30. Bxd6 Bxd6 31. Rb7 Bc5+ 32. Kh1 cxd5 33. Qc2 Bd4 34.
Bxg6 Qg7 35. Qf5 Qh6 36. f4 Qxf4 37. Qh5+ Kg8 38. Qh7+ Kf8 39. Qh8+ Ke7 40.
Qg7+ Ke6 41. Qxd7+ Kf6 42. Nxd5+ Kg5 43. Qe7+ Kh6 44. Qg7+ Kg5 45. Be4+ Kh5 46.
Qg6+ 1-0

[Event "Mittelfränkischer Schachkongress 2016"]
[Site "Nürnberg"]
[Date "2016.03.24"]
[Round "4.4"]
[White "Süß, Helmut"]
[Black "Faralisz, Patrick"]
[Result "1/2-1/2"]
[WhiteElo "1944"]
[BlackElo "1675"]
[PlyCount "39"]
[EventDate "2016.??.??"]
[WhiteTeam "SC Noris-Tarrasch Nürnberg"]
[BlackTeam "SC Noris-Tarrasch Nürnberg"]

1. Nf3 d5 2. d4 Nf6 3. c4 c6 4. Nc3 a6 5. e3 Bf5 6. Nh4 Bg6 7. Nxg6 hxg6 8. Be2
e6 9. cxd5 cxd5 10. Bd2 Nc6 11. Rc1 Bd6 12. h3 O-O 13. Na4 Ne4 14. Nc5 Nxd2 15.
Qxd2 b6 16. Nb7 Qd7 17. Nxd6 Qxd6 18. O-O Rfc8 19. a3 b5 20. b4 1/2-1/2

[Event "Mittelfränkischer Schachkongress 2016"]
[Site "Nürnberg"]
[Date "2016.03.24"]
[Round "4.5"]
[White "Babichev, Vyacheslav"]
[Black "Rummel, Gerald"]
[Result "1/2-1/2"]
[WhiteElo "1818"]
[BlackElo "1740"]
[PlyCount "103"]
[EventDate "2016.??.??"]
[WhiteTeam "SW Nürnberg Süd"]
[BlackTeam "SC Anderssen"]

1. e4 e6 2. d4 d5 3. e5 c5 4. c3 Nc6 5. Bb5 Qb6 6. Ba4 Bd7 7. Nf3 cxd4 8. Bxc6
Bxc6 9. cxd4 Nh6 10. O-O Nf5 11. Nc3 h5 12. a4 Rc8 13. b3 Bb4 14. Ne2 Qc7 15.
Bd2 Qa5 16. Bxb4 Qxb4 17. Qd3 a5 18. Rfc1 Ke7 19. Ne1 Bd7 20. Nc2 Qb6 21. Ng3
Nxg3 22. Qxg3 Kf8 23. Qd3 Ke7 24. Qg3 Kf8 25. h3 h4 26. Qd3 Ke7 27. Ne1 Rcg8
28. Rc3 g5 29. f3 Rc8 30. Rac1 Qb4 31. Rxc8 Rxc8 32. Qe3 Rxc1 33. Qxg5+ Ke8 34.
Qxc1 Qxd4+ 35. Kh1 Qxe5 36. Nd3 Qd4 37. Qc2 e5 38. Nc5 Bc6 39. Nd3 e4 40. fxe4
dxe4 41. Nf4 e3 42. Ne2 Qd2 43. Qc4 Qe1+ 44. Kh2 Qf2 45. Qg4 f5 46. Qg6+ Kd7
47. Qg7+ Kd6 48. Qd4+ Kc7 49. Nf4 Qg3+ 50. Kg1 e2 51. Ne6+ Kb8 52. Qd8+ 1/2-1/2

[Event "Mittelfränkischer Schachkongress 2016"]
[Site "Nürnberg"]
[Date "2016.03.24"]
[Round "4.6"]
[White "Petrashov, Alexander"]
[Black "Pechan, Willi"]
[Result "1-0"]
[WhiteElo "1727"]
[BlackElo "1737"]
[PlyCount "153"]
[EventDate "2016.??.??"]
[WhiteTeam "SC Noris-Tarrasch Nürnberg"]
[BlackTeam "SK Schwabach"]

1. d4 Nf6 2. c4 e6 3. Nc3 Bb4 4. Bd2 O-O 5. e3 d5 6. Nf3 b6 7. Be2 Bb7 8. O-O
dxc4 9. Bxc4 Nbd7 10. a3 Bxc3 11. Bxc3 Ne4 12. Nd2 Ndf6 13. Nxe4 Nxe4 14. Bb4
Re8 15. Bb5 c6 16. Bd3 a5 17. Bxe4 axb4 18. axb4 Qd6 19. b5 f5 20. Bxc6 Bxc6
21. bxc6 Qxc6 22. Qb3 Kf7 23. Rac1 Qd6 24. Rc3 Rec8 25. Rfc1 Rxc3 26. Qxc3 Kf8
27. h3 Ra7 28. Qc6 Ke7 29. Qxd6+ Kxd6 30. Kf1 g5 31. Rc3 h5 32. Ke2 h4 33. Ra3
Rc7 34. Kd2 Rg7 35. Rb3 Kc6 36. e4 fxe4 37. Ke3 Rf7 38. Rc3+ Kd5 39. Rc8 Kd6
40. b4 Kd7 41. Ra8 Kc6 42. Rg8 Rf5 43. Kxe4 Kd6 44. g3 Rxf2 45. Rxg5 hxg3 46.
Rxg3 Rb2 47. h4 Rxb4 48. h5 Rb5 49. Rh3 Rg5 50. h6 Rg4+ 51. Kd3 Rg8 52. Kc4 Rh8
53. Rh5 Rh7 54. Kd3 Kc6 55. Ke4 Kd6 56. Kf4 Ke7 57. Kg5 Kf7 58. Rh1 Kg8 59. Kg6
Rb7 60. Rc1 Rb8 61. Rc6 b5 62. Rxe6 b4 63. d5 b3 64. Re1 Rb6+ 65. Kg5 b2 66.
Rb1 Rb5 67. Kg6 Rb6+ 68. Kf5 Kh7 69. Ke5 Kxh6 70. d6 Rb3 71. Kd4 Kg7 72. d7 Rb8
73. Kc5 Kf7 74. Rxb2 Ra8 75. Kc6 Ra6+ 76. Kb7 Rd6 77. Kc7 1-0

[Event "Mittelfränkischer Schachkongress 2016"]
[Site "Nürnberg"]
[Date "2016.03.24"]
[Round "4.7"]
[White "Weißmann, Peter"]
[Black "Hauck, Martin"]
[Result "1-0"]
[WhiteElo "1801"]
[BlackElo "1087"]
[PlyCount "77"]
[EventDate "2016.??.??"]
[WhiteTeam "SK Zirndorf"]
[BlackTeam "SC Noris-Tarrasch Nürnberg"]

1. e4 e5 2. d4 exd4 3. Bc4 Qe7 4. Qxd4 Nc6 5. Qd3 d6 6. Nf3 Bf5 7. Nc3 Nb4 8.
Qe2 d5 9. Nxd5 Nxc2+ 10. Qxc2 Qc5 11. exf5 O-O-O 12. Be3 Qa5+ 13. Nc3 Re8 14.
Bxf7 Rd8 15. Be6+ Kb8 16. Qa4 Bb4 17. Qxa5 Bxa5 18. O-O Nf6 19. Rfd1 Rdf8 20.
Ne5 Re8 21. Bg5 c6 22. Bxf6 gxf6 23. Nd7+ Kc7 24. Nxf6 Re7 25. Rd3 h5 26. Rad1
Bb4 27. Rd7+ Kb6 28. Rxe7 Bxe7 29. Nd7+ Kc7 30. f6 Bxf6 31. Nxf6 Rh6 32. Rd7+
Kb6 33. Rf7 h4 34. f4 Rg6 35. f5 Rh6 36. Bc8 h3 37. g3 Kc5 38. Rxb7 Rxf6 39.
Ne4+ 1-0

[Event "Mittelfränkischer Schachkongress 2016"]
[Site "Nürnberg"]
[Date "2016.03.24"]
[Round "4.8"]
[White "Burger, Thomas"]
[Black "Grasser, Stefan"]
[Result "1-0"]
[WhiteElo "1814"]
[BlackElo "1767"]
[PlyCount "81"]
[EventDate "2016.??.??"]
[WhiteTeam "Wolframs-Eschenbach"]
[BlackTeam "Zabo-Eintracht Nürnberg"]

1. d4 Nf6 2. c4 e6 3. Nc3 b6 4. Nf3 Bb7 5. e3 c5 6. d5 exd5 7. cxd5 d6 8. e4
Be7 9. Bd3 Nbd7 10. O-O O-O 11. b3 a6 12. a4 Rc8 13. Qe2 Ra8 14. Bb2 Ne5 15.
Nxe5 dxe5 16. Nd1 Bd6 17. Ne3 Re8 18. f3 Nh5 19. g3 Bf8 20. f4 exf4 21. Qxh5
fxe3 22. Qxf7+ Kh8 23. Qh5 h6 24. Qxh6+ Kg8 25. Qg6 Qd6 26. Qf7+ Kh8 27. Qh5+
Kg8 28. Qf7+ Kh8 29. Qxb7 Qg6 30. Qf7 Qh6 31. Qf4 Qxf4 32. Rxf4 c4 33. bxc4 Bc5
34. Kf1 Rf8 35. Ke2 Kh7 36. Raf1 Rxf4 37. Rxf4 g5 38. e5+ Kg7 39. e6+ Kh6 40.
Rf7 Kh5 41. h3 1-0

[Event "Mittelfränkischer Schachkongress 2016"]
[Site "Nürnberg"]
[Date "2016.03.24"]
[Round "4.9"]
[White "Diller, Peter"]
[Black "Meyer, Robert"]
[Result "1-0"]
[WhiteElo "1999"]
[BlackElo "1611"]
[PlyCount "63"]
[EventDate "2016.??.??"]
[WhiteTeam "SK Rothenburg"]
[BlackTeam "SC Stein"]

1. e4 e6 2. f4 d5 3. e5 b6 4. d4 Bb7 5. c3 Nd7 6. Nf3 h5 7. Bd3 Be7 8. O-O c6
9. f5 Nf8 10. b4 exf5 11. Bxf5 Nh6 12. Bd3 Ne6 13. a4 Qc7 14. Na3 O-O-O 15. c4
Bxb4 16. cxd5 Rxd5 17. Be4 Rd7 18. Bb2 Nc5 19. Qc2 Nxe4 20. Qxe4 c5 21. Qf4
Bxf3 22. Nb5 Qc6 23. Rxf3 Qe6 24. Nd6+ Kd8 25. Qe4 Ke7 26. d5 Qg4 27. Rf4 Qg6
28. Rxf7+ Qxf7 29. Nxf7 Nxf7 30. e6 Ng5 31. Qf5 Nxe6 32. dxe6 1-0

[Event "Mittelfränkischer Schachkongress 2016"]
[Site "Nürnberg"]
[Date "2016.03.24"]
[Round "4.10"]
[White "Müller, Ludwig"]
[Black "Meyer, Martin"]
[Result "1-0"]
[WhiteElo "1843"]
[BlackElo "799"]
[PlyCount "61"]
[EventDate "2016.??.??"]
[WhiteTeam "SGem Nürnberg"]
[BlackTeam "SC Stein"]

1. Nf3 Nf6 2. c4 c5 3. Nc3 b6 4. g3 e6 5. Bg2 Bb7 6. O-O Be7 7. d4 d5 8. Ne5
O-O 9. dxc5 bxc5 10. cxd5 exd5 11. b3 d4 12. Bxb7 dxc3 13. Bxa8 Qxd1 14. Rxd1
c2 15. Rd2 Nbd7 16. Nxd7 Nxd7 17. Rxd7 Bf6 18. Be4 Bxa1 19. Bxc2 a6 20. Ra7 g6
21. Rxa6 Kg7 22. Rc6 Bd4 23. e3 Bf6 24. Rxc5 h5 25. a4 Be7 26. Bb2+ f6 27. Rc7
Kf7 28. Ba3 Re8 29. Rxe7+ Rxe7 30. Bxe7 Kxe7 31. Bxg6 1-0

[Event "Mittelfränkischer Schachkongress 2016"]
[Site "Nürnberg"]
[Date "2016.03.24"]
[Round "4.11"]
[White "Münzenberg, Dietrich"]
[Black "Dreiseitel, Ursula"]
[Result "1-0"]
[WhiteElo "1692"]
[BlackElo "1487"]
[PlyCount "91"]
[EventDate "2016.??.??"]
[WhiteTeam "Zabo-Eintracht Nürnberg"]
[BlackTeam "SGem Fürth"]

1. d4 d5 2. Bg5 h6 3. Bh4 g5 4. Bg3 Bf5 5. f3 e6 6. Nd2 Bg7 7. c3 Ne7 8. Qb3 b6
9. e4 dxe4 10. fxe4 Bg6 11. Ngf3 Nd7 12. Bb5 c6 13. Ba6 e5 14. dxe5 Nc5 15. Qc4
Nxa6 16. Qxa6 O-O 17. O-O c5 18. Rad1 Nc6 19. Rfe1 Qe7 20. Nc4 Rad8 21. Rxd8
Rxd8 22. Qa4 Qd7 23. h3 Nxe5 24. Qxd7 Nxf3+ 25. gxf3 Rxd7 26. e5 Bf5 27. h4 Be6
28. b3 b5 29. Nd6 a6 30. hxg5 hxg5 31. Kf2 Kf8 32. Ne4 Rd5 33. Nxg5 Bf5 34. f4
Ke7 35. Nf3 Bg4 36. Bh4+ Ke6 37. Ng5+ Kf5 38. Nxf7 Kxf4 39. Bg3+ Kf5 40. e6
Rd2+ 41. Kg1 Bf8 42. e7 Bxe7 43. Rxe7 Kf6 44. Bh4+ Kf5 45. Nh6+ Kf4 46. Rf7+
1-0

[Event "Mittelfränkischer Schachkongress 2016"]
[Site "Nürnberg"]
[Date "2016.03.24"]
[Round "4.12"]
[White "Dreiseitel, Werner"]
[Black "Friedrich, Michael"]
[Result "1-0"]
[WhiteElo "1583"]
[BlackElo "1515"]
[PlyCount "67"]
[EventDate "2016.??.??"]
[WhiteTeam "SGem Fürth"]
[BlackTeam "SC Erlangen"]

1. d4 d5 2. Bf4 Nf6 3. e3 e6 4. Bd3 c5 5. c3 Nc6 6. Nd2 Be7 7. h3 b6 8. Ngf3
Bb7 9. O-O O-O 10. Bh2 Bd6 11. Re1 Qc7 12. Bxd6 Qxd6 13. Rc1 Rad8 14. e4 e5 15.
exd5 Nxd5 16. dxe5 Qh6 17. Qc2 Rfe8 18. Nc4 Nf4 19. Be4 b5 20. Nd6 Rxd6 21.
exd6 Re6 22. d7 Nd8 23. Bxb7 Nxh3+ 24. gxh3 Rg6+ 25. Kh1 Qxh3+ 26. Nh2 Qxd7 27.
Rcd1 Qxb7+ 28. Qe4 Qxe4+ 29. Rxe4 Ne6 30. Rd8+ Nf8 31. Ree8 Rg1+ 32. Kxg1 h6
33. Rxf8+ Kh7 34. Rxf7 1-0